000 00446nam a2200157Ia 4500
008 210719s2001 xx 000 0 und d
041 _aeng
082 _a332.10954 JOSI
100 _aJOSHI (G V);REGO (P A);LOBO (Norbert)
245 _aIndian banking: issues and concerns.
260 _aMangalagangothri
_bThe Registar, Mangalore University
_c2001
300 _a138
_bHB
365 _b200
_cRs
650 _aBanking
906 _aIndian banking
999 _c213874
_d213874